00407nam a2200169Ia 4500003000900000008004100009020001800050040001600068080001500084100001300099245003500112250000900147260004300156300001000199650001300209650001500222IN-BaIIA211028s9999 xx 000 0 eng d a81-224-0419-7 cIIA Library a519.2bMED aMedhi, J 0aStatistical methodscJ. Medhi  arep. aNew DelhibNew Age Internationalc2000 a437p. aBiometry aStatistics